Statistics for History by Picture - Q

Click here to take the quiz!

General Stats

  • This quiz has been taken 9,755 times
    (9,725 since last reset)
  • The average score is 10 of 15

Answer Stats

Answer % Correct
Queen
99%
Quran
90%
Quill
87%
Quartz
81%
Quaker
80%
Quasimodo
76%
Quiver
73%
Quincy
68%
Qing
66%
Quicksilver
57%
Quebec City
55%
Quinine
54%
Dan Quayle
52%
Quetzalcoatl
29%
Qingdao
16%

Score Distribution

Percentile by Number Answered

Percent of People with Each Score

Your Score History

You have not taken this quiz since the last reset